000 00470nam a2200181Ia 4500
001 1618
005 20260306143741.0
008 260306t1999||||xx |||||||||||||| ||spa||
041 _aESP
082 _a153.42
_bL88
100 _aLópez Quintás, Alfonso
_eAUT
245 0 _aInteligencia creativa:
_bEl descubrimiento personal de los valores
260 _c1999
300 _axxv, 511 páginas :
_c20 cm.
650 _aGEN
654 _aCPS
942 _cLIB
_dJUS
_fJUS
_2ddc
_n
999 _c1618
_d1618